Impuesto a las ganancias (Registro nro. 5893)
[ vista simple ]
| 000 -LEADER | |
|---|---|
| fixed length control field | 02212 a2200253 4500 |
| 001 - CONTROL NUMBER | |
| control field | 55100 |
| 005 - DATE AND TIME OF LATEST TRANSACTION | |
| control field | 20260407155826.0 |
| 008 - FIXED-LENGTH DATA ELEMENTS--GENERAL INFORMATION | |
| fixed length control field | 260407a2020 arg spa d |
| 003 - CONTROL NUMBER IDENTIFIER | |
| control field | AR-UNSa-BCEJYS |
| 040 ## - CATALOGING SOURCE | |
| Original cataloging agency | AR-UNSa-BCEJYS |
| Language of cataloging | spa |
| Transcribing agency | AR-UNSa-BCEJYS |
| 080 ## - UNIVERSAL DECIMAL CLASSIFICATION NUMBER | |
| Universal Decimal Classification number | 336.226.1 |
| Common auxiliary subdivision | Impuestos a las ganancias o los beneficios (Impuesto Diferido) |
| 020 ## - INTERNATIONAL STANDARD BOOK NUMBER | |
| International Standard Book Number | 978-987-47505-5-6 |
| 041 ## - LANGUAGE CODE | |
| Language code of text/sound track or separate title | spa |
| 100 1# - MAIN ENTRY--PERSONAL NAME | |
| Personal name | Manassero, Carlos José |
| 245 10 - TITLE STATEMENT | |
| Title | Impuesto a las ganancias |
| 250 ## - EDITION STATEMENT | |
| Edition statement | 9a. ed. |
| 264 #1 - PRODUCTION, PUBLICATION, DISTRIBUTION, MANUFACTURE, AND COPYRIGHT NOTICE | |
| Place of production, publication, distribution, manufacture | Córdoba : |
| Name of producer, publisher, distributor, manufacturer | Asociación Cooperadora de la Facultad de Ciencias Económicas de la Universidad Nacional de Córdoba. |
| Date of production, publication, distribution, manufacture, or copyright notice | 2020 |
| 300 ## - PHYSICAL DESCRIPTION | |
| Extent | xxviii, 860 p. |
| Dimensions | 25 cm. |
| 505 ## - FORMATTED CONTENTS NOTE | |
| Formatted contents note | 1. Características y objeto del impuesto a las ganancias. Esquema de liquidación - 2. Vínculo jurisdiccional - 3. Sujetos. Deducciones personales. Exenciones - 4. Contabilidad fiscal. Método de imputación quebrantos. Deducciones no admitidas - 5. Ganancias de la primera categoría: renta del suelo - 6. Ganancias de la segunda categoría renta de capitales - 7. Ganancias de la tercera categoría: beneficios de las empresas y ciertos auxiliares de comercio determinación de las ganancias en la tercera categoría - 8. Ganancias de la tercera categoría: beneficios de las empresas y ciertos auxiliares de comercio valuación de inventarios - 9. Ganancias de la tercera categoría: beneficios de las empresas y ciertos auxiliares de comercio deducibilidad de malos créditos - 10. Ganancias de la tercera categoría: beneficios de las empresas y ciertos auxiliares de comercio sociedad de capital. Reorganización y transferencia de empresas. Ajuste por inflación - 11. Ganancias de la cuarta categoría renta del trabajo personal - 12. Regímenes de retención y percepción - 13. Rentas de fuente extranjera y precios de transferencia - 14. Impuesto a la ganancia mínima presunta - 15. Impuesto a la transferencia de inmuebles de personas físicas y sucesiones indivisas |
| 590 ## - LOCAL NOTE (RLIN) | |
| Local note | niveau_biblio:m niveau_hierar:0 |
| 700 1# - ADDED ENTRY--PERSONAL NAME | |
| Personal name | Universidad Nacional de Córdoba. Facultad de Ciencias Económicas |
| 856 41 - ELECTRONIC LOCATION AND ACCESS | |
| Uniform Resource Identifier | <a href="https://biblioeco.unsa.edu.ar/pmb/images/libros/L128557.jpg">https://biblioeco.unsa.edu.ar/pmb/images/libros/L128557.jpg</a> |
| Link text | Imagen de portada |
| Electronic format type | image/jpeg |
| 942 ## - ADDED ENTRY ELEMENTS (KOHA) | |
| Koha item type | |
| Withdrawn status | Lost status | Damaged status | Not for loan | Home library | Current library | Shelving location | Date acquired | Total checkouts | Full call number | Barcode | Date last seen | Price effective from | Koha item type | Public note |
|---|---|---|---|---|---|---|---|---|---|---|---|---|---|---|
| Biblioteca Prof. Eusebio Cleto del Rey | Biblioteca Prof. Eusebio Cleto del Rey | 07/04/2026 | 336.226.1 M267 9ed. | L128555 | 07/04/2026 | 07/04/2026 | Libro | |||||||
| Biblioteca Prof. Eusebio Cleto del Rey | Biblioteca Prof. Eusebio Cleto del Rey | 07/04/2026 | 336.226.1 M267 9ed. | L128556 | 07/04/2026 | 07/04/2026 | Libro | MACNHITA EN CANTO LATERAL - PÁG 443 HÚMEDA | ||||||
| Biblioteca Prof. Eusebio Cleto del Rey | Biblioteca Prof. Eusebio Cleto del Rey | 07/04/2026 | 336.226.1 M267 9ed. | L128557 | 07/04/2026 | 07/04/2026 | Libro | CANTO MANCHADO |